Normal view MARC view
  • MICROELECTROMECHANICAL SYSTEMS.DETECTORS.MICROACTUATORS.ROBOTS

Entry Topical Term

Number of records used in: 1

001 - CONTROL NUMBER

  • control field: 63915

003 - CONTROL NUMBER IDENTIFIER

  • control field: NUST

005 - DATE AND TIME OF LATEST TRANSACTION

  • control field: 20210628203208.0

008 - FIXED-LENGTH DATA ELEMENTS

  • fixed length control field: 210628|| aca||aabn | a|a d

040 ## - CATALOGING SOURCE

  • Original cataloging agency: NUST
  • Transcribing agency: NUST

150 ## - HEADING--TOPICAL TERM

  • Topical term or geographic name entry element: MICROELECTROMECHANICAL SYSTEMS.DETECTORS.MICROACTUATORS.ROBOTS

670 ## - SOURCE DATA FOUND

  • Source citation: Work cat.: (NUST): Mohamed Gad-El-Hak, Gad-El-Hak, Mohamed 63897, The mems handbook, mems applications, 2006
© 2023 Central Library, National University of Sciences and Technology. All Rights Reserved.